[Event "12. Torneo de Promoción Almansa 2017 -B"]
[Site "Almansa ESP"]
[Date "2017.08.06"]
[Round "9.6"]
[White "Molla Gil, Pablo"]
[Black "Rodriguez Bittar, Karim Javier"]
[Result "1/2-1/2"]
[WhiteElo "1882"]
[BlackElo "1948"]
[PlyCount "88"]
[EventDate "2017.08.01"]
[EventType "swiss"]
[EventRounds "9"]
[EventCountry "ESP"]
[SourceTitle "Ajedrez en Madrid"]
[Source "lmi"]
[SourceDate "2017.08.01"]
[SourceVersion "1"]
[SourceVersionDate "2017.08.11"]
[SourceQuality "1"]

1. e3 d5 2. Nf3 Nf6 3. c4 c6 4. d4 g6 5. Nc3 Bg7 6. Bd3 O-O 7. O-O Ng4 8. cxd5
cxd5 9. h3 Nh6 10. Qb3 e6 11. Bd2 Nc6 12. Rac1 Nf5 13. Nb5 a6 14. Nc3 Na5 15.
Qa3 Nc4 16. Bxc4 dxc4 17. b3 cxb3 18. axb3 b6 19. Ne2 Bb7 20. Nh2 Nh4 21. f3
Qg5 22. Rf2 Rfc8 23. Qb2 Rxc1+ 24. Bxc1 Qb5 25. e4 g5 26. e5 h6 27. Ng4 Qd3 28.
f4 Bxg2 29. Rxg2 Nxg2 30. Kxg2 Qe4+ 31. Kg1 Rc8 32. Nf2 Qg6 33. Kf1 Rc2 34. Qb1
Rxe2 35. Qxg6 Rxf2+ 36. Kxf2 fxg6 37. fxg5 h5 38. Ke3 Kf7 39. Ke4 Bf8 40. d5
exd5+ 41. Kxd5 Bb4 42. Bb2 Bd2 43. e6+ Ke8 44. Bf6 a5 1/2-1/2

[Event "12. Torneo de Promoción Almansa 2017 -B"]
[Site "Almansa ESP"]
[Date "2017.08.06"]
[Round "9.7"]
[White "Sanchez Serrano, Emilio"]
[Black "Martinez Carvajal, Juan Fco"]
[Result "1-0"]
[WhiteElo "1928"]
[BlackElo "1611"]
[PlyCount "82"]
[EventDate "2017.08.01"]
[EventType "swiss"]
[EventRounds "9"]
[EventCountry "ESP"]
[SourceTitle "Ajedrez en Madrid"]
[Source "lmi"]
[SourceDate "2017.08.01"]
[SourceVersion "1"]
[SourceVersionDate "2017.08.11"]
[SourceQuality "1"]

1. d4 d5 2. c4 c6 3. Nf3 Nf6 4. g3 e6 5. Bg2 dxc4 6. Ne5 c5 7. Qa4+ Nbd7 8.
dxc5 Bxc5 9. O-O O-O 10. Nxc4 Rb8 11. Nc3 a6 12. Qd1 Qc7 13. Be3 Bxe3 14. Nxe3
b5 15. Rc1 Qb6 16. a4 Bb7 17. axb5 axb5 18. b4 Ne5 19. Qb3 Rfd8 20. Rfd1 h6 21.
h3 Rbc8 22. Bxb7 Qxb7 23. Rxd8+ Rxd8 24. Ra1 Nc6 25. Nc2 Rd2 26. Rb1 Rd8 27.
Rc1 Nd5 28. Nxd5 Rxd5 29. Qe3 Qd7 30. Kg2 e5 31. Qc3 f5 32. Ne3 Rd4 33. Nxf5
Qd5+ 34. f3 Rc4 35. Qa3 e4 36. Ne3 exf3+ 37. Kf2 Qd4 38. Rd1 Qb6 39. Kxf3 Ne5+
40. Kg2 Qc6+ 41. Kf2 Rc3 1-0

[Event "12. Torneo de Promoción Almansa 2017 -B"]
[Site "Almansa ESP"]
[Date "2017.08.06"]
[Round "9.9"]
[White "Medina Cordero, Angel"]
[Black "Sabater Hernandez, Fernando"]
[Result "0-1"]
[WhiteElo "1788"]
[BlackElo "1741"]
[PlyCount "65"]
[EventDate "2017.08.01"]
[EventType "swiss"]
[EventRounds "9"]
[EventCountry "ESP"]
[SourceTitle "Ajedrez en Madrid"]
[Source "lmi"]
[SourceDate "2017.08.01"]
[SourceVersion "1"]
[SourceVersionDate "2017.08.11"]
[SourceQuality "1"]

1. e4 e5 2. f4 exf4 3. Bc4 d5 4. exd5 Qh4+ 5. Kf1 f3 6. d4 fxg2+ 7. Kxg2 Bg4 8.
Qd3 Bd6 9. Qe3+ Ne7 10. h3 Bh5 11. Nc3 O-O 12. Qg5 Qxg5+ 13. Bxg5 Nf5 14. Nb5
f6 15. Bd2 Nh4+ 16. Kf2 Bg6 17. Nxd6 cxd6 18. c3 Be4 19. Rh2 Nd7 20. Kg3 Ng6
21. Re1 f5 22. Nf3 h6 23. b3 Nf6 24. Rhe2 Nh5+ 25. Kf2 Nhf4 26. Re3 Nxh3+ 27.
Kf1 Ngf4 28. Ng1 g5 29. Nxh3 Bg2+ 30. Kg1 Bxh3 31. Re6 Nxe6 32. dxe6 Kg7 33.
Bd5 0-1

[Event "12. Torneo de Promoción Almansa 2017 -B"]
[Site "Almansa ESP"]
[Date "2017.08.06"]
[Round "9.10"]
[White "Izquierdo Lavado, Mario"]
[Black "Perez Hernandez, Juan S"]
[Result "0-1"]
[WhiteElo "1711"]
[BlackElo "1786"]
[PlyCount "72"]
[EventDate "2017.08.01"]
[EventType "swiss"]
[EventRounds "9"]
[EventCountry "ESP"]
[SourceTitle "Ajedrez en Madrid"]
[Source "lmi"]
[SourceDate "2017.08.01"]
[SourceVersion "1"]
[SourceVersionDate "2017.08.11"]
[SourceQuality "1"]

1. e4 e5 2. Nf3 Nc6 3. Bb5 Bc5 4. c3 d6 5. d4 exd4 6. cxd4 Bb4+ 7. Bd2 Bxd2+ 8.
Qxd2 Bd7 9. O-O Nf6 10. Nc3 O-O 11. Rad1 a6 12. Bxc6 Bxc6 13. d5 Bd7 14. e5
dxe5 15. Nxe5 Bf5 16. Qf4 Bg6 17. Nxg6 hxg6 18. Qb4 b6 19. Qc4 Qd7 20. Qb4 Rfe8
21. d6 Qc6 22. dxc7 Qxc7 23. Qd6 Qb7 24. Nd5 Nxd5 25. Qxd5 Qxd5 26. Rxd5 Re2
27. b3 Rxa2 28. Rd6 b5 29. Rb1 Re8 30. Rd3 g5 31. g4 Re4 32. h3 Rf4 33. Rf1 Rb2
34. Rd6 Rxb3 35. Rxa6 Rxh3 36. Kg2 Rb3 0-1

[Event "12. Torneo de Promoción Almansa 2017 -B"]
[Site "Almansa ESP"]
[Date "2017.08.06"]
[Round "9.12"]
[White "Losa Ordonez, Juan Jose"]
[Black "Villodre Miranda, Juan Alonso"]
[Result "1-0"]
[WhiteElo "1749"]
[BlackElo "1608"]
[PlyCount "67"]
[EventDate "2017.08.01"]
[EventType "swiss"]
[EventRounds "9"]
[EventCountry "ESP"]
[SourceTitle "Ajedrez en Madrid"]
[Source "lmi"]
[SourceDate "2017.08.01"]
[SourceVersion "1"]
[SourceVersionDate "2017.08.11"]
[SourceQuality "1"]

1. e4 c5 2. Nf3 Nc6 3. d4 cxd4 4. Nxd4 e5 5. Nb5 a6 6. Nd6+ Bxd6 7. Qxd6 Qf6 8.
Qd1 Qg6 9. Nc3 Nf6 10. f3 O-O 11. Be3 b5 12. Qd2 Rb8 13. g4 h6 14. h4 Nh7 15.
Bc5 Re8 16. Ne2 Rd8 17. Bd6 Ra8 18. Qd3 Nf6 19. Bc7 Re8 20. c3 Re6 21. Ng3 Ne8
22. Bb6 Rb8 23. Be3 Rd6 24. Qc2 Bb7 25. Nf5 Re6 26. O-O-O d6 27. g5 h5 28. Bh3
Qh7 29. Rd3 Rc8 30. a3 Kf8 31. Rhd1 Rd8 32. Bb6 Rb8 33. Nxd6 Rxd6 34. Bc5 1-0